| 000 | 00852nam a2200253 a 4500 | ||
|---|---|---|---|
| 001 | BRCA_2585 | ||
| 005 | 20190320203858.0 | ||
| 008 | 271108s1933----mx-a######---#000-0#spa-u | ||
| 041 | _aspa | ||
| 044 | _amx | ||
| 050 | 4 |
_aNE544 _b.N38 1933 |
|
| 100 | 1 |
_aNavalón, Sebastián C. _97384 |
|
| 245 | 1 | 0 |
_aEl grabado en México _cSebastián C. Navalón. ; con notas y preámbulo de Manuel Romero de Terreros. |
| 260 |
_aMéxico _bTalleres Gráficos del Museo Nacional de Arqueología, Historia y Etnografía _c1933 |
||
| 300 |
_a15 p. _bil. _c27 cm. |
||
| 440 | 0 |
_aPublicaciones del Museo Nacional _97385 |
|
| 500 | _aRevista inventariada por Banco de México como libro | ||
| 500 | _aA53a | ||
| 650 | 1 | 4 |
_aGrabado _xHistoria _91591 |
| 650 | 1 | 4 |
_aGrabado _zMéxico _9545 |
| 700 | 1 |
_aRomero de Terreros, Manuel _97386 |
|
| 902 | _aGFM | ||
| 942 |
_2lcc _cB |
||
| 999 |
_c2325 _d2325 |
||